[Event "Nahariagun op 21st"]
[Site "Nahariagun"]
[Date "2023.10.23"]
[Round "5"]
[White "Singh, Y Dhanabir"]
[Black "Sah, Ashok K"]
[Result "1-0"]
[WhiteElo "2004"]
[BlackElo "1603"]
[PlyCount "59"]
[EventDate "2023.10.21"]
[EventType "swiss"]
[EventRounds "9"]
[EventCountry "IND"]
[SourceTitle "Mega2024 Update 01"]
[Source "Chessbase"]
[SourceDate "2023.11.12"]
[SourceVersion "1"]
[SourceVersionDate "2023.11.12"]
[SourceQuality "1"]

1. e4 Nc6 2. Nf3 f5 3. d3 d6 4. Nc3 fxe4 5. dxe4 Bg4 6. Be2 Nf6 7. Bg5 h6 8. Bxf6 gxf6 9. Nh4 Bxe2 10. Qxe2 Nd4 11. Qh5+ Kd7 12. 0-0-0 e5 13. Nd5 c6 14. Rxd4 cxd5 15. Rxd5 Qe8 16. Qf3 Be7 17. Rhd1 Rd8 18. Rc5 Qf7 19. Qf5+ Ke8 20. Rc7 Rg8 21. Qf3 Qxa2 22. Qh5+ Kf8 23. Qxh6+ Ke8 24. Qh5+ Kf8 25. Rxb7 Qa6 26. Rb3 Rc8 27. Ra3 Qb7 28. Ng6+ Rxg6 29. Qxg6 d5 30. Rh3 1-0